00470 2200193 4500001002100000005001500021008004100036020001800077035001900095041000600114082001000120090001600130100002600146245003200172260003100204300002300235500000600258650001200264INLIS00000000000289620241224112624241224||||||||| | ||| |||| ||  a979-33-0316-6 0010-1224002896 a00 a959.8 a959.8 HAR g0 aLangit Kresna Hariadi00aGajah Mada : Hamukti Palapa aSolobTiga Serangkaic2006 ax, 694 hlm.; 21 cm a3 0aSejarah